Trhovo orientovaná analýza tvorby zisku z realizácie
Tvorba zisku z realizácie. Zmena objemu výroby a náklady: variabilné (premenlivé) a fixné (stále) náklady. Činitele determinujúce tvorbu zisku z realizácie. Graf znázorňujúci tvorbu zisku. Matematické vyjadrenie tvorby zisku.
Na minha lista:
| Autor principal: | |
|---|---|
| Formato: | Capítulo de Livro |
| Idioma: | eslovaco |
| Assuntos: | |
| Tags: |
Sem tags, seja o primeiro a adicionar uma tag!
|
MARC
| LEADER | 00000naa a2200000 4500 | ||
|---|---|---|---|
| 001 | r000786 | ||
| 005 | 20221205080034.4 | ||
| 041 | 0 | |a slo | |
| 044 | |a SK | ||
| 245 | 1 | 0 | |a Trhovo orientovaná analýza tvorby zisku z realizácie |c Karol Zalai |
| 520 | |a Tvorba zisku z realizácie. Zmena objemu výroby a náklady: variabilné (premenlivé) a fixné (stále) náklady. Činitele determinujúce tvorbu zisku z realizácie. Graf znázorňujúci tvorbu zisku. Matematické vyjadrenie tvorby zisku. | ||
| 610 | 2 | 0 | |a podnik |
| 610 | 2 | 0 | |a zisk |
| 610 | 2 | 0 | |a tvorba zisku |
| 610 | 2 | 0 | |a objem výroby |
| 610 | 2 | 0 | |a náklady variabilné |
| 610 | 2 | 0 | |a náklady fixné |
| 100 | 1 | |a Zalai, Karol | |